000 00548nam a2200193Ia 4500
999 _c3725
_d3725
003 OSt
005 20200818103829.0
008 190216s9999||||xx |||||||||||||| ||und||
020 _a9788131773710
040 _coclc
082 _a544
_bSVE/V
100 _aSvehla, G
_94173
245 0 _aVogel's Qualitative Inorganic Analysis /
_cG Svehla ; B Sivasankar
250 _a7th Ed.
260 _bPearson Education Asia,
_c2012.
_aNew Delhi:
300 _a372p
650 _aChemistry
942 _cBK
_2ddc
_h544
_iSVE/V
_k544
_mSVE/V